书目信息 |
| 题名: |
世界名人未解之谜
|
|
| 作者: | 本书编写组编 | |
| 分册: | ||
| 出版信息: | 广州 广东世界图书出版公司 2010 |
|
| 页数: | 200页 | |
| 开本: | 23cm | |
| 丛书名: | 探索未知世界之旅丛书 | |
| 单 册: | ||
| 中图分类: | K811-49 , K811 | |
| 科图分类: | ||
| 主题词: | 名人--生平事迹--世界--通俗读物 , 名人 | |
| 电子资源: | ||
| ISBN: | 978-7-5100-2851-9 | |
| 000 | 00915oam2 2200253 450 | |
| 001 | 2367356406 | |
| 005 | 20231109085332.03 | |
| 010 | @a978-7-5100-2851-9@dCNY38.00 | |
| 100 | @a20111224d2010 em y0chiy50 ea | |
| 101 | 0 | @achi |
| 102 | @aCN@b440000 | |
| 105 | @aa z 000yd | |
| 200 | 1 | @a世界名人未解之谜@Ashi jie ming ren wei jie zhi mi@f本书编写组编 |
| 210 | @a广州@c广东世界图书出版公司@d2010 | |
| 215 | @a200页@c图@d23cm | |
| 225 | 1 | @a探索未知世界之旅丛书 |
| 330 | @a本书分为“帝王元首篇”、“将相名流篇”、“艺苑文界篇”、“逸事传说篇”、“遗迹寻觅篇”五部分,从身份传说、性格行为、情爱婚姻肠、事件真相、是非功过、神秘遇害案、奇异死亡等几方面,对多个世界名人未解之谜进行全面剖析。 | |
| 461 | 0 | @12001 @a探索未知世界之旅丛书 |
| 606 | 0 | @a名人@x生平事迹@y世界@j通俗读物 |
| 606 | 0 | @a名人 |
| 690 | @aK811-49@v5 | |
| 690 | @aK811@v4 | |
| 801 | 0 | @aCN@b山东中教@c20230926 |
| 905 | @aBZT@dK811@e107 | |
| 世界名人未解之谜/本书编写组编.-广州:广东世界图书出版公司,2010 |
| 200页:图;23cm.-(探索未知世界之旅丛书) |
| ISBN 978-7-5100-2851-9:CNY38.00 |
| 本书分为“帝王元首篇”、“将相名流篇”、“艺苑文界篇”、“逸事传说篇”、“遗迹寻觅篇”五部分,从身份传说、性格行为、情爱婚姻肠、事件真相、是非功过、神秘遇害案、奇异死亡等几方面,对多个世界名人未解之谜进行全面剖析。 |
| ● |
| 相关链接 |
|
|
|
正题名:世界名人未解之谜
索取号:K811/107
 
预约/预借
| 序号 | 登录号 | 条形码 | 馆藏地/架位号 | 状态 | 备注 |
| 1 | 2000965035 | 2000965035 | 第四书库/四033架A面2层1列/ [索取号:K811/107] | 在馆 | |
| 2 | 2000965036 | 2000965036 | 第四书库/四033架A面2层1列/ [索取号:K811/107] | 在馆 | |
| 3 | 2000965037 | 2000965037 | 第四书库/四033架A面2层1列/ [索取号:K811/107] | 在馆 | |
| 4 | 2000965038 | 2000965038 | 第四书库/四033架A面2层1列/ [索取号:K811/107] | 在馆 | |
| 5 | 2000965039 | 2000965039 | 第四书库/四033架A面2层1列/ [索取号:K811/107] | 在馆 | |
| 6 | 2000965040 | 2000965040 | 第四书库/四033架A面2层1列/ [索取号:K811/107] | 在馆 |